| 000 | 01132cam a22003255a 4500 | ||
|---|---|---|---|
| 001 | 016199440 | ||
| 003 | OSt | ||
| 005 | 20160601105022.0 | ||
| 008 | 121029t2014 at a frbd 001 0 eng d | ||
| 020 | _a9781285091136 (pbk.) | ||
| 020 | _a1285091132 (pbk.) | ||
| 040 |
_aStDuBDS _beng _cStDuBDS _dUk _dEG-ScBUE |
||
| 082 | 0 | 4 |
_a658.87 _bDUN _222 |
| 100 | 1 |
_aDunne, Patrick M. _939577 |
|
| 240 | 1 | 0 | _aIntroduction to retailing |
| 245 | 1 | 0 |
_aRetailing / _cPatrick M. Dunne, Robert F. Lusch, James R. Carver. |
| 250 | _a8th ed., International ed. | ||
| 260 |
_a[Canberra] : _bSouth-Western / Cengage Learing, _cc.2014. |
||
| 300 |
_axxxi, 683 p. : _bill. (col.) ; _c25 cm. |
||
| 500 | _aPrevious edition : published as Introduction to retailing by Robert F. Lusch, Patrick M. Dunne, James R. Carver. 2011. | ||
| 500 | _aIncludes glossary. | ||
| 504 | _aIncludes bibliographical references and index. | ||
| 651 | _2BUEsh | ||
| 653 |
_bBUSADM _bBUSECO _cMarch2016 |
||
| 655 |
_vReading book _934232 |
||
| 650 | 7 |
_912734 _aRetail trade _2BUEsh |
|
| 700 | 1 |
_aLusch, Robert F. _938359 |
|
| 700 | 1 | _aCarver, James R. | |
| 942 | _2ddc | ||
| 999 |
_c21435 _d21407 |
||